| 000 | 00482nam a22001575i 4500 | ||
|---|---|---|---|
| 001 | 169789 | ||
| 003 | ES-MaACL | ||
| 005 | 20230906214209.0 | ||
| 008 | 081127q1864 fr |||| | fre d | ||
| 080 | _a821.133.1-31"18" | ||
| 100 | 1 |
_aScribe, Eugène. _9104966 |
|
| 245 | 1 | 0 |
_aFleurette _b: la bouquetière / _cpar Eugène Scribe. |
| 260 |
_aParis : _bE. Dentu, _c[ca. 1864] |
||
| 300 |
_a419 p. ; _c18 cm. |
||
| 852 | 4 |
_aES-MaACL _jE-12279 _z- Biblioteca Jacinto Martínez Lacalle |
|
| 999 |
_c169789 _d169789 |
||